[Event "BL2 West 1314 (Women)"]
[Site "Germany"]
[Date "2013.11.30"]
[Round "1.1"]
[White "Diederichs, Luise"]
[Black "Rudolph, Anna"]
[Result "0-1"]
[WhiteElo "1932"]
[BlackElo "2243"]
[PlyCount "56"]
[EventDate "2013.11.30"]
[EventType "team-tourn"]
[EventRounds "7"]
[EventCountry "GER"]
[SourceTitle "EXT 2018"]
[Source "ChessBase"]
[SourceDate "2017.10.13"]
[SourceVersion "1"]
[SourceVersionDate "2017.10.13"]
[SourceQuality "1"]
[WhiteTeam "Norderstedt Harksheide (W)"]
[BlackTeam "Muelheim Nord (W) II"]
[WhiteTeamCountry "GER"]
[BlackTeamCountry "GER"]

1. d4 Nf6 2. c4 g6 3. Nc3 Bg7 4. e4 d6 5. Be2 0-0 6. Nf3 e5 7. 0-0 Nc6 8. h3 exd4 9. Nxd4 Nxe4 10. Nxc6 Nxc3 11. Nxd8 Nxd1 12. Nxf7 Nxb2 13. Nh6+ Kh8 14. Rb1 Na4 15. Bf3 Nc3 16. Rb3 Rxf3 17. gxf3 Ne2+ 18. Kg2 Nxc1 19. Rxc1 Bxh6 20. Re1 Bg5 21. Re8+ Kg7 22. f4 Bf6 23. Kg3 b6 24. Rbe3 Kf7 25. Re2 Bb7 26. R8e6 Ba6 27. R2e4 Rd8 28. Re1 Bxc4 0-1

[Event "Ruhrgebiet Verbandsliga2 1213"]
[Site "Nordrheinwestfalen"]
[Date "2013.04.07"]
[Round "8.1"]
[White "Soehnchen, Andreas"]
[Black "Rudolph, Anna"]
[Result "1-0"]
[WhiteElo "2066"]
[BlackElo "2183"]
[PlyCount "87"]
[EventDate "2012.09.02"]
[EventType "team-tourn"]
[EventRounds "9"]
[EventCountry "GER"]
[SourceTitle "EXT 2020"]
[Source "ChessBase"]
[SourceDate "2019.10.17"]
[SourceVersion "1"]
[SourceVersionDate "2019.10.17"]
[SourceQuality "1"]
[WhiteTeam "Oberhausen SV II"]
[BlackTeam "Muelheim Nord III"]
[WhiteTeamCountry "GER"]
[BlackTeamCountry "GER"]

1. d4 Nf6 2. c4 g6 3. Nc3 Bg7 4. e4 d6 5. Be2 0-0 6. Nf3 e5 7. 0-0 Nc6 8. d5 Ne7 9. b4 Nh5 10. g3 h6 11. Nd2 Nf6 12. c5 Ne8 13. Nc4 Bh3 14. Re1 f5 15. Bf1 Bxf1 16. Rxf1 fxe4 17. cxd6 Nxd6 18. Nxd6 cxd6 19. Be3 Nf5 20. Nxe4 Nd4 21. Bxd4 exd4 22. Qg4 Kh7 23. h4 Rf5 24. f4 d3 25. Rad1 Qb6+ 26. Kg2 Qxb4 27. Qf3 Re8 28. Rfe1 Rc8 29. Qxd3 b6 30. h5 Kh8 31. hxg6 Rff8 32. Re2 Rfd8 33. f5 Rf8 34. g4 Rc4 35. Rh1 Re8 36. Rhe1 Rd4 37. Qf3 Rf8 38. g5 Qc4 39. f6 Kg8 40. Qf5 Rxd5 41. Qe6+ Kh8 42. fxg7+ Kxg7 43. gxh6+ Kxh6 44. Rh1+ 1-0

[Event "BL 1112 (Women)"]
[Site "Germany"]
[Date "2011.12.18"]
[Round "5.3"]
[White "Rudolph, Anna"]
[Black "Fuchs, Judith"]
[Result "1/2-1/2"]
[WhiteElo "2264"]
[BlackElo "2217"]
[PlyCount "86"]
[EventDate "2011.10.29"]
[EventType "team-tourn"]
[EventRounds "11"]
[EventCountry "GER"]
[SourceTitle "EXT 2013"]
[Source "ChessBase"]
[SourceDate "2012.11.22"]
[SourceVersion "1"]
[SourceVersionDate "2012.11.22"]
[SourceQuality "1"]
[WhiteTeam "Muelheim Nord (W)"]
[BlackTeam "Hamburger SK (W)"]
[WhiteTeamCountry "GER"]
[BlackTeamCountry "GER"]

1. e4 c5 2. Nf3 d6 3. d4 cxd4 4. Nxd4 Nf6 5. Nc3 Nc6 6. f3 e6 7. Be3 Be7 8. Qd2 0-0 9. g4 a6 10. 0-0-0 Qc7 11. g5 Nd7 12. Kb1 b5 13. h4 Nde5 14. Nxc6 Qxc6 15. Qg2 Bb7 16. h5 Rac8 17. f4 Nc4 18. Bxc4 Qxc4 19. Rhe1 Qc6 20. Rd4 a5 21. Qd2 Rfd8 22. Bg1 b4 23. Nd1 e5 24. fxe5 dxe5 25. Rxd8+ Rxd8 26. Qc1 a4 27. Nf2 a3 28. Nd3 Qc7 29. Bh2 Bd6 30. g6 fxg6 31. hxg6 hxg6 32. Qg5 Rc8 33. Qd2 axb2 34. Nxb2 Qc3 35. Qxc3 bxc3 36. Nd3 Ba6 37. Bxe5 Ba3 38. Nc1 Bb7 39. Re3 Re8 40. Bxc3 Bxe4 41. Bd4 Bd6 42. Nb3 Bf4 43. Re2 g5 1/2-1/2

[Event "BL 1011 (Women)"]
[Site "Germany"]
[Date "2011.03.13"]
[Round "11.4"]
[White "Hegeler, Anja"]
[Black "Rudolph, Anna"]
[Result "1-0"]
[WhiteElo "2183"]
[BlackElo "2253"]
[PlyCount "93"]
[EventDate "2010.11.06"]
[EventType "team-tourn"]
[EventRounds "11"]
[EventCountry "GER"]
[SourceTitle "EXT 2012"]
[Source "ChessBase"]
[SourceDate "2011.11.24"]
[SourceVersion "1"]
[SourceVersionDate "2011.11.24"]
[SourceQuality "1"]
[WhiteTeam "Hamburger SK (W)"]
[BlackTeam "Muelheim Nord (W)"]
[WhiteTeamCountry "GER"]
[BlackTeamCountry "GER"]

1. e4 c5 2. Nf3 d6 3. d4 cxd4 4. Nxd4 Nf6 5. Nc3 a6 6. f4 e6 7. Qf3 Qb6 8. Nb3 Qc7 9. Bd3 b5 10. 0-0 Bb7 11. Bd2 Nbd7 12. a4 b4 13. Ne2 Be7 14. Kh1 d5 15. e5 Ne4 16. Be3 0-0 17. Qh3 Bc5 18. Ned4 Bxd4 19. Bxd4 Rae8 20. Rf3 f5 21. exf6 Ndxf6 22. a5 Rf7 23. Raf1 Qe7 24. Qh4 Nd7 25. Qe1 Ref8 26. Qe2 Qd6 27. Qe3 Qe7 28. Bxe4 dxe4 29. R3f2 e5 30. fxe5 Rxf2 31. Rxf2 Rxf2 32. Qxf2 Nxe5 33. Bc5 Qd8 34. Nd4 Ng4 35. Qf4 h5 36. h3 Nf6 37. Ne6 Qd5 38. Qb8+ Kh7 39. Nf8+ Kh6 40. Be3+ g5 41. Qc7 Bc6 42. Qe7 Qf5 43. Ne6 Qf1+ 44. Kh2 Ne8 45. Bxg5+ Kg6 46. Nf8+ Kf5 47. Qf7+ 1-0

[Event "Ruhrgebiet Verbandsliga2 1011"]
[Site "Nordrheinwestfalen"]
[Date "2011.02.06"]
[Round "6.2"]
[White "Rudolph, Anna"]
[Black "Steinle, Carsten"]
[Result "1-0"]
[WhiteElo "2149"]
[BlackElo "2057"]
[PlyCount "61"]
[EventDate "2010.09.12"]
[EventType "team-tourn"]
[EventRounds "9"]
[EventCountry "GER"]
[SourceTitle "EXT 2020"]
[Source "ChessBase"]
[SourceDate "2019.10.17"]
[SourceVersion "1"]
[SourceVersionDate "2019.10.17"]
[SourceQuality "1"]
[WhiteTeam "Muelheim Nord III"]
[BlackTeam "Ahlen SV"]
[WhiteTeamCountry "GER"]
[BlackTeamCountry "GER"]

1. e4 e6 2. d4 d5 3. Nc3 Nf6 4. e5 Nfd7 5. f4 c5 6. Nf3 Nc6 7. Be3 a6 8. Qd2 b5 9. a3 Qb6 10. Be2 Bb7 11. 0-0 Rc8 12. Nd1 cxd4 13. Nxd4 Nxd4 14. Bxd4 Bc5 15. c3 0-0 16. Nf2 f6 17. b4 Bxd4 18. cxd4 Rc6 19. Rad1 Rfc8 20. exf6 Nxf6 21. Qe3 Rc3 22. Rd3 Rc2 23. Bf3 Ra2 24. Qe5 Rcc2 25. Re3 Ne4 26. Bxe4 dxe4 27. Rg3 g6 28. f5 exf5 29. Ng4 e3 30. Nh6+ Kf8 31. Rxf5+ 1-0

[Event "BL 1011 (Women)"]
[Site "Germany"]
[Date "2011.01.30"]
[Round "7.3"]
[White "Rudolph, Anna"]
[Black "Ulms, Sandra"]
[Result "1-0"]
[WhiteElo "2253"]
[BlackElo "2174"]
[PlyCount "117"]
[EventDate "2010.11.06"]
[EventType "team-tourn"]
[EventRounds "11"]
[EventCountry "GER"]
[SourceTitle "EXT 2012"]
[Source "ChessBase"]
[SourceDate "2011.11.24"]
[SourceVersion "1"]
[SourceVersionDate "2011.11.24"]
[SourceQuality "1"]
[WhiteTeam "Muelheim Nord (W)"]
[BlackTeam "Leipzig Gohlis (W)"]
[WhiteTeamCountry "GER"]
[BlackTeamCountry "GER"]

1. e4 c5 2. Nf3 d6 3. d4 cxd4 4. Nxd4 Nf6 5. Nc3 g6 6. Be3 Bg7 7. f3 0-0 8. Qd2 Nc6 9. 0-0-0 Nxd4 10. Bxd4 Be6 11. Kb1 Qc7 12. h4 Rfc8 13. h5 Qa5 14. hxg6 hxg6 15. a3 Rab8 16. Bd3 Bc4 17. Be3 Nh5 18. Ne2 Qxd2 19. Rxd2 a6 20. g4 Nf6 21. Bd4 Nd7 22. Bxg7 Kxg7 23. f4 Bxd3 24. cxd3 Rh8 25. Rdd1 Rxh1 26. Rxh1 Nc5 27. Kc1 Rc8 28. Nc3 Ne6 29. f5 Nd4 30. Kd2 e6 31. Ke3 Nb5 32. Nxb5 axb5 33. fxe6 fxe6 34. Rh2 Kf6 35. Rh7 b4 36. axb4 Kg5 37. Rxb7 Kxg4 38. Re7 e5 39. Re6 g5 40. Rxd6 Rb8 41. Rd5 Rxb4 42. Rxe5 Rxb2 43. Re8 Rb1 44. Rf8 Rb4 45. e5 Kh5 46. d4 Rb1 47. d5 Re1+ 48. Kd4 g4 49. d6 g3 50. Kd5 g2 51. Rh8+ Kg4 52. Rg8+ Kf5 53. Rxg2 Rd1+ 54. Kc6 Kxe5 55. Re2+ Kf6 56. Kc7 Rc1+ 57. Kd8 Rd1 58. d7 Rh1 59. Rc2 1-0

[Event "BL 1011 (Women)"]
[Site "Germany"]
[Date "2011.01.09"]
[Round "5.4"]
[White "Rudolph, Anna"]
[Black "Frey, Alisa"]
[Result "1/2-1/2"]
[WhiteElo "2253"]
[BlackElo "2045"]
[PlyCount "91"]
[EventDate "2010.11.06"]
[EventType "team-tourn"]
[EventRounds "11"]
[EventCountry "GER"]
[SourceTitle "EXT 2012"]
[Source "ChessBase"]
[SourceDate "2011.11.24"]
[SourceVersion "1"]
[SourceVersionDate "2011.11.24"]
[SourceQuality "1"]
[WhiteTeam "Muelheim Nord (W)"]
[BlackTeam "Schott Mainz (W)"]
[WhiteTeamCountry "GER"]
[BlackTeamCountry "GER"]

1. e4 e5 2. Nf3 Nc6 3. Bb5 a6 4. Ba4 Nf6 5. d3 b5 6. Bb3 Be7 7. Nc3 d6 8. Nd5 Na5 9. Nxe7 Qxe7 10. 0-0 Bg4 11. h3 Bh5 12. Qe2 h6 13. Qe3 Nd7 14. Bd2 Nxb3 15. axb3 0-0 16. Ra5 Qf6 17. Rfa1 Nc5 18. b4 Ne6 19. Rxa6 Rxa6 20. Rxa6 Bxf3 21. Qxf3 Qxf3 22. gxf3 Nd4 23. Kg2 f5 24. Ra7 Rf7 25. c3 Ne6 26. exf5 Rxf5 27. Rb7 c6 28. Rb6 Nd8 29. Rb8 Rf8 30. Rc8 Kf7 31. f4 exf4 32. Bxf4 Ke6 33. Be3 Kd7 34. Ra8 Kc7 35. Ra7+ Nb7 36. Kg3 Rf5 37. Kg4 Rd5 38. d4 Kb8 39. Ra6 Nd8 40. b3 Kb7 41. Ra1 h5+ 42. Kh4 Ne6 43. Rg1 Kc7 44. Ra1 Kb7 45. Rg1 Kc7 46. Ra1 1/2-1/2

[Event "GER-chT Federal Cup (Women)"]
[Site "Braunfels"]
[Date "2010.06.04"]
[Round "2"]
[White "Ankerst, Milka"]
[Black "Rudolph, Anna"]
[Result "1/2-1/2"]
[WhiteElo "2134"]
[BlackElo "2271"]
[PlyCount "57"]
[EventDate "2010.06.03"]
[EventType "team-swiss"]
[EventRounds "5"]
[EventCountry "GER"]
[SourceTitle "CBM 136 Extra"]
[Source "ChessBase"]
[SourceDate "2010.07.02"]
[SourceVersion "2"]
[SourceVersionDate "2010.07.15"]
[SourceQuality "1"]

1. e4 Nf6 2. e5 Nd5 3. d4 d6 4. c4 Nb6 5. exd6 exd6 6. Nc3 Be7 7. Nf3 Bf5 8. Be3 0-0 9. Bd3 Qd7 10. 0-0 Nc6 11. b3 Rfe8 12. Rc1 Bf6 13. Bxf5 Qxf5 14. Qc2 Qxc2 15. Rxc2 g6 16. Rd1 Rac8 17. c5 Nb4 18. Rcc1 N6d5 19. a3 Nxc3 20. Rxc3 Nd5 21. Rcd3 dxc5 22. dxc5 Nxe3 23. fxe3 Rcd8 24. Kf2 Kf8 25. Rd7 Rxd7 26. Rxd7 Re7 27. Rd8+ Re8 28. Rd7 Re7 29. Rd8+ 1/2-1/2

[Event "GER-chT Federal Cup (Women)"]
[Site "Braunfels"]
[Date "2010.06.03"]
[Round "1"]
[White "Rudolph, Anna"]
[Black "Roitburd, Marina"]
[Result "1/2-1/2"]
[WhiteElo "2271"]
[BlackElo "2036"]
[PlyCount "20"]
[EventDate "2010.06.03"]
[EventType "team-swiss"]
[EventRounds "5"]
[EventCountry "GER"]
[SourceTitle "CBM 136 Extra"]
[Source "ChessBase"]
[SourceDate "2010.07.02"]
[SourceVersion "2"]
[SourceVersionDate "2010.07.15"]
[SourceQuality "1"]

1. e4 c5 2. Nf3 e6 3. d4 cxd4 4. Nxd4 a6 5. Bd3 Bc5 6. Nb3 Ba7 7. Nc3 Nc6 8. Qe2 Qc7 9. Be3 Bxe3 10. Qxe3 Nf6 1/2-1/2

[Event "GER OL-256 email"]
[Site "GER email"]
[Date "2010.??.??"]
[Round "?"]
[White "Schumacher, Frank"]
[Black "Rudolph, Anna"]
[Result "1/2-1/2"]
[WhiteElo "1712"]
[BlackElo "2069"]
[PlyCount "46"]
[EventDate "2009.??.??"]
[EventType "tourn (corr)"]
[EventRounds "6"]
[EventCountry "GER"]
[SourceTitle "Corr 2020"]
[Source "ChessBase"]
[SourceDate "2019.09.30"]
[SourceVersion "1"]
[SourceVersionDate "2019.09.30"]
[SourceQuality "1"]

1. e4 Nf6 2. e5 Nd5 3. d4 d6 4. Nf3 dxe5 5. Nxe5 c6 6. Be2 Bf5 7. 0-0 Nd7 8. Nf3 e6 9. c4 N5f6 10. Bf4 Nh5 11. Bg5 Be7 12. Be3 Qc7 13. Bd3 Bxd3 14. Qxd3 0-0 15. Nc3 Rfd8 16. Rad1 Nf4 17. Bxf4 Qxf4 18. g3 Qc7 19. Kg2 a6 20. Qe2 Nf6 21. Rfe1 b5 22. Ne5 Bd6 23. a3 h6 1/2-1/2

[Event "GER OL-253 email"]
[Site "GER email"]
[Date "2009.??.??"]
[Round "?"]
[White "Rudolph, Anna"]
[Black "Duchene, Klaus"]
[Result "1-0"]
[WhiteElo "2069"]
[BlackElo "1647"]
[PlyCount "53"]
[EventDate "2009.01.22"]
[EventType "tourn (corr)"]
[EventRounds "6"]
[EventCountry "GER"]
[SourceTitle "Corr 2020"]
[Source "ChessBase"]
[SourceDate "2019.09.30"]
[SourceVersion "1"]
[SourceVersionDate "2019.09.30"]
[SourceQuality "1"]

1. e4 Nf6 2. e5 Nd5 3. d4 d6 4. c4 Nb6 5. exd6 cxd6 6. Nc3 g6 7. Be3 Bg7 8. Rc1 0-0 9. h3 Nc6 10. Nf3 e5 11. dxe5 dxe5 12. c5 e4 13. Nxe4 Nd5 14. Bg5 Qa5+ 15. Bd2 Qd8 16. Bg5 Qa5+ 17. Bd2 Qd8 18. Be2 Bxb2 19. Rb1 Re8 20. Rxb2 Rxe4 21. 0-0 Qf6 22. Bd3 Re7 23. Rb3 Nd4 24. Nxd4 Qxd4 25. Qf3 Bf5 26. Rd1 Re5 27. Bc1 1-0

[Event "GER OL-253 email"]
[Site "GER email"]
[Date "2009.??.??"]
[Round "?"]
[White "Rudolph, Anna"]
[Black "Tacke, Hubert"]
[Result "1/2-1/2"]
[WhiteElo "2069"]
[BlackElo "1980"]
[PlyCount "60"]
[EventDate "2009.04.28"]
[EventType "tourn (corr)"]
[EventRounds "6"]
[EventCountry "GER"]
[SourceTitle "Corr 2020"]
[Source "ChessBase"]
[SourceDate "2019.09.30"]
[SourceVersion "1"]
[SourceVersionDate "2019.09.30"]
[SourceQuality "1"]

1. e4 e6 2. d4 d5 3. Nc3 Nf6 4. e5 Nfd7 5. f4 c5 6. Nf3 Nc6 7. Be3 Be7 8. Qd2 0-0 9. Be2 a6 10. 0-0 b5 11. a3 Bb7 12. Rad1 Qc7 13. dxc5 Nxc5 14. Nd4 Rac8 15. Nxc6 Qxc6 16. Bd4 Ne4 17. Nxe4 dxe4 18. Qe3 Rfd8 19. c3 h6 20. Rd2 a5 21. b4 axb4 22. axb4 Ra8 23. Rb1 Ra3 24. Bf1 Raa8 25. Qe2 Qc7 26. Qxb5 e3 27. Bxe3 Qxc3 28. Rxd8+ Rxd8 29. Qb6 Rd7 30. Bf2 Be4 1/2-1/2

[Event "BL 0708 (Women)"]
[Site "Germany"]
[Date "2007.12.02"]
[Round "4.1"]
[White "Foisor, Cristina Adela B"]
[Black "Rudolph, Anna"]
[Result "1/2-1/2"]
[WhiteElo "2388"]
[BlackElo "2287"]
[PlyCount "166"]
[EventDate "2007.11.10"]
[EventType "team-tourn"]
[EventRounds "11"]
[EventCountry "GER"]
[SourceTitle "EXT 2009"]
[Source "ChessBase"]
[SourceDate "2008.11.26"]
[SourceVersion "1"]
[SourceVersionDate "2008.11.26"]
[SourceQuality "1"]
[WhiteTeam "Kiel Doppelbauer (W)"]
[BlackTeam "Karlsruhe (W)"]
[WhiteTeamCountry "GER"]
[BlackTeamCountry "GER"]

1. d4 Nf6 2. c4 g6 3. Nc3 Bg7 4. g3 0-0 5. Bg2 d6 6. Nf3 c6 7. 0-0 Bf5 8. Re1 Ne4 9. Nxe4 Bxe4 10. e3 d5 11. Bf1 dxc4 12. Bxc4 c5 13. Nd2 Bd5 14. Qb3 Bxc4 15. Nxc4 Qd7 16. Qa3 Na6 17. Bd2 cxd4 18. Rad1 Rac8 19. b3 e5 20. exd4 exd4 21. Bf4 Rfe8 22. Qa5 Rxe1+ 23. Qxe1 Re8 24. Qf1 Nc5 25. h4 h5 26. Nd6 Re6 27. Qb5 Rxd6 28. Qxc5 Qg4 29. Qxd6 Qxd1+ 30. Kg2 Qe2 31. Qb8+ Kh7 32. Qxb7 Qxa2 33. Qxf7 Qe2 34. Bg5 Qe4+ 35. Qf3 Qe6 36. Bd2 a6 37. Qd3 Qd5+ 38. Qf3 Qe6 39. Qb7 Qf5 40. Bb4 Qf6 41. Qd5 Qb6 42. Ba5 Qb8 43. Bd8 Qc8 44. Bg5 Qc7 45. Bf4 Qe7 46. Kf1 Qb4 47. Ke2 Qe7+ 48. Kd1 Qb4 49. Bd2 Qf8 50. f3 Qc8 51. Be1 Qb8 52. Bf2 Qb4 53. Qc4 Qa3 54. Qc2 Qb4 55. Qd3 Qd6 56. Be1 Qb8 57. g4 hxg4 58. h5 Qd6 59. fxg4 Be5 60. Bd2 Qe6 61. hxg6+ Kg7 62. Qf3 Kxg6 63. Kc2 Qc8+ 64. Kd3 Qe6 65. Qe4+ Kg7 66. Kc2 Qc8+ 67. Kb1 Qb8 68. Ka2 Qc7 69. Qf5 a5 70. Qd3 Qb7 71. Qf5 Qc7 72. Qg5+ Kf8 73. Qh6+ Bg7 74. Qf4+ Qxf4 75. Bxf4 Ke7 76. Ka3 d3 77. Bd2 Kf7 78. Ka4 Kg6 79. g5 Bf8 80. Kxa5 Be7 81. Kb5 Bxg5 82. Kc4 Bxd2 83. Kxd3 Bb4 1/2-1/2

[Event "BL 0708 (Women)"]
[Site "Germany"]
[Date "2007.11.11"]
[Round "2.1"]
[White "Rudolph, Anna"]
[Black "Worek, Joanna"]
[Result "0-1"]
[WhiteElo "2287"]
[BlackElo "2279"]
[PlyCount "66"]
[EventDate "2007.11.10"]
[EventType "team-tourn"]
[EventRounds "11"]
[EventCountry "GER"]
[SourceTitle "EXT 2009"]
[Source "ChessBase"]
[SourceDate "2008.11.26"]
[SourceVersion "1"]
[SourceVersionDate "2008.11.26"]
[SourceQuality "1"]
[WhiteTeam "Karlsruhe (W)"]
[BlackTeam "Schott Mainz (W)"]
[WhiteTeamCountry "GER"]
[BlackTeamCountry "GER"]

1. e4 c5 2. Nf3 d6 3. d4 cxd4 4. Nxd4 Nf6 5. Nc3 a6 6. f3 e5 7. Nb3 Be7 8. Be3 Be6 9. Qd2 0-0 10. 0-0-0 a5 11. Bb5 Nbd7 12. Kb1 Rc8 13. g4 Nb6 14. g5 Ne8 15. Nxa5 Ra8 16. Nb3 Nc4 17. Bxc4 Bxc4 18. h4 Qd7 19. h5 f5 20. g6 f4 21. gxh7+ Kh8 22. Bf2 Nf6 23. Bh4 b5 24. Bxf6 Rxf6 25. Ne2 Qa7 26. Nec1 Bd8 27. Qb4 Bb6 28. Rxd6 Bxb3 29. Nxb3 Qxa2+ 30. Kc1 Be3+ 31. Kd1 Qb1+ 32. Ke2 Qxh1 33. Rxf6 Qg2+ 0-1

[Event "EU-ch (Women) 8th"]
[Site "Dresden"]
[Date "2007.04.08"]
[Round "6"]
[White "Rudolph, Anna"]
[Black "Stepovaia, Tatiana"]
[Result "1/2-1/2"]
[WhiteElo "2187"]
[BlackElo "2360"]
[PlyCount "108"]
[EventDate "2007.04.03"]
[EventType "swiss"]
[EventRounds "11"]
[EventCountry "GER"]
[SourceTitle "CBM 117 Extra"]
[Source "ChessBase"]
[SourceDate "2007.05.09"]
[SourceVersion "1"]
[SourceVersionDate "2007.05.09"]
[SourceQuality "1"]

1. e4 d6 2. d4 Nf6 3. Nc3 e5 4. dxe5 dxe5 5. Qxd8+ Kxd8 6. Bg5 Be6 7. 0-0-0+ Nbd7 8. f4 exf4 9. Nf3 h6 10. Bxf4 c6 11. Nd4 Bb4 12. e5 Nd5 13. Nxd5 cxd5 14. Be2 a6 15. Bf3 Nb6 16. g4 Kc7 17. c3 Bc5 18. Rd3 Rad8 19. Rhd1 Kb8 20. Nf5 g5 21. Be3 Bxe3+ 22. Nxe3 Rhe8 23. h3 Nd7 24. Bxd5 Nxe5 25. R3d2 Bxd5 26. Rxd5 Rxd5 27. Rxd5 Kc7 28. Nf5 f6 29. Kc2 Nd7 30. b4 Rh8 31. Ng7 Kc6 32. Rf5 Kd6 33. a4 Rg8 34. Nh5 Ke6 35. Kb3 Kf7 36. Rd5 Rd8 37. c4 b6 38. a5 bxa5 39. Rxa5 Nb8 40. Rd5 Re8 41. Rd6 Re3+ 42. Ka4 Rxh3 43. Rxf6+ Ke7 44. Rxh6 Rc3 45. c5 Rc4 46. Rb6 Nd7 47. Rxa6 Nxc5+ 48. Kb5 Rxb4+ 49. Kxc5 Rxg4 50. Kd5 Rg1 51. Ra7+ Kd8 52. Nf6 g4 53. Rd7+ Kc8 54. Rg7 g3 1/2-1/2

[Event "GER-chT Federal Cup (Women)"]
[Site "Germany"]
[Date "2007.??.??"]
[Round "1"]
[White "Juergens, Vera"]
[Black "Rudolph, Anna"]
[Result "1-0"]
[WhiteElo "2290"]
[BlackElo "2185"]
[PlyCount "85"]
[EventDate "2007.06.??"]
[EventType "team-swiss"]
[EventRounds "5"]
[EventCountry "GER"]
[SourceTitle "EXT 2008"]
[Source "ChessBase"]
[SourceDate "2007.11.25"]
[SourceVersion "1"]
[SourceVersionDate "2007.11.25"]
[SourceQuality "1"]
[WhiteTeam "Niedersachsen"]
[BlackTeam "NRW"]
[WhiteTeamCountry "GER"]
[BlackTeamCountry "GER"]

1. d4 Nf6 2. Bg5 e6 3. Nd2 h6 4. Bh4 d5 5. e3 c5 6. c3 Nc6 7. f4 cxd4 8. exd4 Be7 9. Bd3 Qc7 10. Nh3 Rb8 11. 0-0 b5 12. b4 Ne4 13. Bxe4 Bxh4 14. Bd3 Bf6 15. Nb3 g6 16. Kh1 0-0 17. Qf3 Ne7 18. Nc5 Bd7 19. Nf2 Bg7 20. Bc2 Ra8 21. Nfd3 Rfc8 22. h4 h5 23. Ne5 Be8 24. g4 hxg4 25. Qxg4 Nf5 26. Bxf5 gxf5 27. Qg3 f6 28. Nxe6 Qe7 29. Rg1 fxe5 30. Nxg7 exf4 31. Nxf5+ fxg3 32. Nxe7+ Kh7 33. Nxc8 Rxc8 34. Rxg3 Bg6 35. Rf1 Re8 36. Kg1 Re2 37. Rf6 Be4 38. Rf7+ Kh6 39. Rxa7 Re1+ 40. Kf2 Ra1 41. Ra8 Rh1 42. Rh8+ Bh7 43. Rg5 1-0

[Event "GER-chT Federal Cup (Women)"]
[Site "Braunfels"]
[Date "2006.05.05"]
[Round "3"]
[White "Mader, Manuela"]
[Black "Rudolph, Anna"]
[Result "1/2-1/2"]
[WhiteElo "2061"]
[BlackElo "2202"]
[PlyCount "55"]
[EventDate "2006.05.04"]
[EventType "team-swiss"]
[EventRounds "5"]
[EventCountry "GER"]
[SourceTitle "EXT 2010"]
[Source "ChessBase"]
[SourceDate "2010.11.25"]
[SourceVersion "1"]
[SourceVersionDate "2010.11.25"]
[SourceQuality "1"]

1. e4 c5 2. c3 d5 3. exd5 Qxd5 4. d4 Nf6 5. Nf3 e6 6. Be3 cxd4 7. cxd4 Nc6 8. Nc3 Qd6 9. a3 Be7 10. Bd3 0-0 11. 0-0 b6 12. Qc2 Bb7 13. Rad1 Rad8 14. Bg5 g6 15. Rfe1 Qb8 16. Be3 Rfe8 17. Ne5 Nxe5 18. dxe5 Qxe5 19. Bxb6 Qg5 20. f4 Qxf4 21. Rf1 Qh6 22. Bxa7 Ng4 23. h3 Ne3 24. Bxe3 Qxe3+ 25. Qf2 Qxf2+ 26. Kxf2 Bc5+ 27. Kg3 Bd6+ 28. Kf2 1/2-1/2